000 00594nam a2200217Ia 4500
001 9063
003 GE_BSU
008 181216s||||||||xx |||||||||||||| ||und||
040 _cGE_BSU
245 _aГенетика,Том 50,№2.2014.
245 _cГл.ред.С.В.Шестаков и др.
260 _aМосква
260 _bнаука
260 _c2014
300 _a248ст;28см.
520 _aЕжемесячный журнал
653 _aГенетика,Том 50,№2.2014.
653 _aПериодика
653 _aპერიოდიკა
942 _cCR
999 _c42367
_d42367